[Event "Langenhagen Summer op 1st"]
[Site "Langenhagen"]
[Date "2019.07.07"]
[Round "7"]
[White "Burkhardt, Holger"]
[Black "Boehm, Juergen"]
[Result "0-1"]
[WhiteElo "2015"]
[BlackElo "2189"]
[PlyCount "82"]
[EventDate "2019.07.04"]
[EventType "swiss"]
[EventRounds "7"]
[EventCountry "GER"]
[SourceTitle "EXT 2020"]
[Source "ChessBase"]
[SourceDate "2019.10.17"]
[SourceVersion "1"]
[SourceVersionDate "2019.10.17"]
[SourceQuality "1"]

1. d4 d5 2. Nc3 Nf6 3. Bf4 c5 4. e3 cxd4 5. exd4 a6 6. Nf3 Nc6 7. Be2 Bg4 8. h3 Bxf3 9. Bxf3 e6 10. Ne2 Be7 11. 0-0 b5 12. a3 Na5 13. b3 Rc8 14. Qd3 0-0 15. Rfe1 Qb6 16. Ng3 Rc6 17. a4 b4 18. Qd2 Rfc8 19. Ra2 Bd6 20. Be5 Bxe5 21. Rxe5 R6c7 22. Re3 Nc6 23. Ne2 Ne7 24. a5 Qd6 25. h4 Nf5 26. Re5 Nxh4 27. Ng3 Nxf3+ 28. gxf3 Rc3 29. Kg2 Nd7 30. Rg5 h6 31. Rg4 Nf6 32. Rf4 Qe7 33. Qe2 g5 34. Rf5 R8c7 35. Re5 Qd6 36. f4 gxf4 37. Nh5 Nxh5 38. Qxh5 Qf8 39. Ra1 Qg7+ 40. Kh1 Rxc2 41. Ree1 Kh7 0-1

[Event "Langenhagen Summer op 1st"]
[Site "Langenhagen"]
[Date "2019.07.04"]
[Round "2"]
[White "Reichelt, Ole"]
[Black "Boehm, Juergen"]
[Result "0-1"]
[WhiteElo "1840"]
[BlackElo "2189"]
[PlyCount "38"]
[EventDate "2019.07.04"]
[EventType "swiss"]
[EventRounds "7"]
[EventCountry "GER"]
[SourceTitle "EXT 2020"]
[Source "ChessBase"]
[SourceDate "2019.10.17"]
[SourceVersion "1"]
[SourceVersionDate "2019.10.17"]
[SourceQuality "1"]

1. d4 d5 2. Nf3 e6 3. e3 c6 4. Bd3 Bd6 5. 0-0 f5 6. b3 Qe7 7. Bb2 Nf6 8. Ne5 0-0 9. Nd2 Nbd7 10. f3 Kh8 11. e4 Nxe5 12. dxe5 Bc5+ 13. Kh1 Nh5 14. exf5 Ng3+ 15. hxg3 Qg5 16. Rf2 Bxf2 17. Nf1 Qh5+ 18. Nh2 Bxg3 19. Qg1 exf5 0-1

[Event "Karlsruhe Grenke op"]
[Site "Karlsruhe"]
[Date "2019.04.22"]
[Round "9"]
[White "Svane, Frederik"]
[Black "Boehm, Juergen"]
[Result "1-0"]
[WhiteElo "2309"]
[BlackElo "2158"]
[PlyCount "47"]
[EventDate "2019.04.18"]
[EventType "swiss"]
[EventRounds "9"]
[EventCountry "GER"]
[SourceTitle "CBM 189 Extra"]
[Source "ChessBase"]
[SourceDate "2019.06.03"]
[SourceVersion "1"]
[SourceVersionDate "2019.06.03"]
[SourceQuality "1"]

1. c4 Nf6 2. Nf3 e6 3. g3 d5 4. Bg2 dxc4 5. Qa4+ Nbd7 6. Qxc4 a6 7. Qc2 c5 8. 0-0 Be7 9. Nc3 0-0 10. d4 cxd4 11. Nxd4 Nc5 12. Rd1 Qb6 13. e4 e5 14. Nf5 Bxf5 15. exf5 Rac8 16. Bg5 Rfd8 17. Rxd8+ Qxd8 18. Rd1 Qf8 19. Bxf6 Bxf6 20. Nd5 Ne6 21. Qb3 Nd4 22. Qxb7 Qc5 23. Qxa6 Qc2 24. Ne3 1-0

[Event "Staufer op 31st"]
[Site "Schwaebisch Gmuend"]
[Date "2019.01.06"]
[Round "9"]
[White "Olsen, Filip Boe"]
[Black "Boehm, Juergen"]
[Result "1/2-1/2"]
[WhiteElo "2359"]
[BlackElo "2170"]
[PlyCount "32"]
[EventDate "2019.01.02"]
[EventType "swiss"]
[EventRounds "9"]
[EventCountry "GER"]
[SourceTitle "CBM 188 Extra"]
[Source "ChessBase"]
[SourceDate "2019.02.26"]
[SourceVersion "1"]
[SourceVersionDate "2019.02.26"]
[SourceQuality "1"]

1. d4 d5 2. c4 e6 3. Nc3 Nf6 4. cxd5 exd5 5. Bg5 c6 6. e3 Be7 7. Qc2 Nbd7 8. Bd3 h6 9. Bf4 Nh5 10. Be5 Nxe5 11. dxe5 d4 12. exd4 Nf4 13. 0-0-0 Qxd4 14. Nf3 Nxd3+ 15. Rxd3 Qf4+ 16. Qd2 Qxd2+ 1/2-1/2

[Event "Lueneburg op-A"]
[Site "Lueneburg"]
[Date "2018.07.12"]
[Round "8"]
[White "Ploder, Udo"]
[Black "Boehm, Juergen"]
[Result "1/2-1/2"]
[WhiteElo "1874"]
[BlackElo "2188"]
[PlyCount "60"]
[EventDate "2018.07.06"]
[EventType "swiss"]
[EventRounds "9"]
[EventCountry "GER"]
[SourceTitle "CBM 185 Extra"]
[Source "ChessBase"]
[SourceDate "2018.07.29"]
[SourceVersion "1"]
[SourceVersionDate "2018.07.29"]
[SourceQuality "1"]

1. e4 e5 2. f4 exf4 3. Nf3 Ne7 4. d4 d5 5. Nc3 dxe4 6. Nxe4 Nd5 7. Bd3 Be7 8. 0-0 0-0 9. Ne5 Nd7 10. Nxd7 Qxd7 11. Qf3 Nb4 12. Bxf4 Qxd4+ 13. Be3 Qe5 14. Bf4 Qd4+ 15. Be3 Qe5 16. Bf4 Qa5 17. Qg3 Nxd3 18. Bxc7 Qd5 19. cxd3 Be6 20. Nc3 Qg5 21. d4 Qxg3 22. Bxg3 Rfd8 23. Rad1 Bc4 24. Rfe1 Bf6 25. Be5 Bxe5 26. Rxe5 Rd7 27. b3 f6 28. Re3 Bf7 29. d5 Rad8 30. Red3 Kf8 1/2-1/2

[Event "Lueneburg op-A"]
[Site "Lueneburg"]
[Date "2018.07.08"]
[Round "4"]
[White "Joehnk, Christian"]
[Black "Boehm, Juergen"]
[Result "1/2-1/2"]
[WhiteElo "1996"]
[BlackElo "2188"]
[PlyCount "61"]
[EventDate "2018.07.06"]
[EventType "swiss"]
[EventRounds "9"]
[EventCountry "GER"]
[SourceTitle "CBM 185 Extra"]
[Source "ChessBase"]
[SourceDate "2018.07.29"]
[SourceVersion "1"]
[SourceVersionDate "2018.07.29"]
[SourceQuality "1"]

1. d4 g6 2. Nf3 Bg7 3. Bf4 d6 4. c3 Nd7 5. e3 e5 6. dxe5 dxe5 7. Bg5 f6 8. Bh4 Nh6 9. e4 Qe7 10. Bc4 Nf7 11. Qe2 Nb6 12. Bb3 Be6 13. Na3 0-0 14. Nd2 a5 15. f3 a4 16. Bxe6 Qxe6 17. Bf2 Rfd8 18. 0-0 Rd7 19. Be3 Rad8 20. Ndc4 Nxc4 21. Qxc4 Qxc4 22. Nxc4 Rd3 23. Kf2 Bh6 24. Bxh6 Nxh6 25. Rfe1 b5 26. Ne3 c6 27. Rad1 Nf7 28. Ke2 Rxd1 29. Rxd1 Rxd1 30. Kxd1 Kf8 31. Ke1 1/2-1/2

[Event "Lueneburg op-A"]
[Site "Lueneburg"]
[Date "2018.07.06"]
[Round "2"]
[White "Stolberg Rohr, Thomine"]
[Black "Boehm, Juergen"]
[Result "0-1"]
[WhiteElo "1975"]
[BlackElo "2188"]
[PlyCount "28"]
[EventDate "2018.07.06"]
[EventType "swiss"]
[EventRounds "9"]
[EventCountry "GER"]
[SourceTitle "CBM 185 Extra"]
[Source "ChessBase"]
[SourceDate "2018.07.29"]
[SourceVersion "1"]
[SourceVersionDate "2018.07.29"]
[SourceQuality "1"]

1. d4 d5 2. c4 c6 3. Nc3 Nf6 4. Nf3 a6 5. b3 Bf5 6. e3 e6 7. Bd3 Bb4 8. Bb2 Qa5 9. Qc2 Bxd3 10. Qxd3 Ne4 11. Rc1 Qxa2 12. Qc2 dxc4 13. bxc4 Nxc3 14. Bxc3 Qxc4 0-1

[Event "Oberliga Nord W 1718"]
[Site "Germany"]
[Date "2017.10.08"]
[Round "1.3"]
[White "Boehm, Juergen"]
[Black "Renner, Kai"]
[Result "1-0"]
[WhiteElo "2176"]
[BlackElo "2151"]
[PlyCount "65"]
[EventDate "2017.10.08"]
[EventType "team-tourn"]
[EventRounds "9"]
[EventCountry "GER"]
[SourceTitle "EXT 2019"]
[Source "ChessBase"]
[SourceDate "2018.10.10"]
[SourceVersion "1"]
[SourceVersionDate "2018.10.10"]
[SourceQuality "1"]
[WhiteTeam "Hannover"]
[BlackTeam "Hameln"]
[WhiteTeamCountry "GER"]
[BlackTeamCountry "GER"]

1. d4 f5 2. Nf3 Nf6 3. g3 e6 4. Bg2 Be7 5. 0-0 0-0 6. c4 d6 7. b4 a5 8. b5 Ne4 9. Bb2 b6 10. Nfd2 d5 11. Nc3 Nxc3 12. Bxc3 Bb7 13. cxd5 exd5 14. Nc4 Qd7 15. a4 Qe6 16. Ne5 Nd7 17. Nxd7 Qxd7 18. Qb3 f4 19. Bd2 fxg3 20. hxg3 Bf6 21. Be3 Rae8 22. Rac1 Rf7 23. Rc2 Qd8 24. Rfc1 Ree7 25. Bf3 Qd7 26. Bf4 Bxd4 27. Rxc7 Qd8 28. Rxb7 Rxb7 29. Bxd5 Kf8 30. Bxb7 Rxb7 31. Qe6 Bc5 32. Rxc5 bxc5 33. Bd6+ 1-0

[Event "Lueneburg op-A"]
[Site "Lueneburg"]
[Date "2017.07.09"]
[Round "2"]
[White "Boehm, Juergen"]
[Black "Reuter, Maximilian"]
[Result "1/2-1/2"]
[WhiteElo "2193"]
[BlackElo "1843"]
[PlyCount "95"]
[EventDate "2017.07.08"]
[EventType "swiss"]
[EventRounds "9"]
[EventCountry "GER"]
[SourceTitle "CBM 179 Extra"]
[Source "ChessBase"]
[SourceDate "2017.08.23"]
[SourceVersion "1"]
[SourceVersionDate "2017.08.23"]
[SourceQuality "1"]

1. d4 d6 2. Nf3 Nf6 3. c4 Nbd7 4. Nc3 e5 5. g3 Be7 6. Bg2 c6 7. e4 Qc7 8. 0-0 0-0 9. h3 Re8 10. d5 Nc5 11. Re1 a5 12. b3 h6 13. Qc2 Nh7 14. Be3 Nd7 15. a3 c5 16. Qd2 Ndf8 17. Nb5 Qd7 18. b4 b6 19. bxc5 bxc5 20. Rab1 g5 21. Bxc5 Ba6 22. Be3 Nf6 23. Nh2 Rec8 24. Rec1 Ne8 25. a4 Nc7 26. Bb6 Bd8 27. Ng4 Kg7 28. Bxc7 Rxc7 29. Nxc7 Qxc7 30. Ne3 Nd7 31. Nf5+ Kh7 32. Bf1 Nc5 33. Qe2 Bc8 34. Qh5 Bxf5 35. exf5 Nxa4 36. Bd3 Bf6 37. Rb5 Nc5 38. Bb1 a4 39. h4 Rg8 40. hxg5 Rxg5 41. Qf3 Nb3 42. Rxb3 axb3 43. Qxb3 Qa7 44. Kg2 Rg8 45. Rh1 Kg7 46. Be4 Rb8 47. Qf3 Rb2 48. Rb1 1/2-1/2

[Event "Hannover Ihme Cup"]
[Site "Hannover"]
[Date "2017.04.29"]
[Round "2.5"]
[White "Boehm, Juergen"]
[Black "Kickert, Germaine Helene"]
[Result "1/2-1/2"]
[WhiteElo "2180"]
[BlackElo "1999"]
[PlyCount "60"]
[EventDate "2017.04.28"]
[EventType "swiss"]
[EventRounds "5"]
[EventCountry "GER"]
[SourceTitle "EXT 2022"]
[Source "ChessBase"]
[SourceDate "2021.10.06"]
[SourceVersion "1"]
[SourceVersionDate "2021.10.06"]
[SourceQuality "1"]

1. d4 Nf6 2. c4 g6 3. Nc3 Bg7 4. e4 d6 5. Be2 c5 6. e5 dxe5 7. dxe5 Qxd1+ 8. Bxd1 Ng4 9. f4 Nc6 10. h3 Nh6 11. Be3 b6 12. Bf3 Bb7 13. g4 f6 14. Nd5 0-0-0 15. exf6 exf6 16. 0-0-0 f5 17. Ne2 Rhe8 18. Bf2 Ng8 19. gxf5 gxf5 20. Rhg1 Bh8 21. Bh4 Rd7 22. Bh5 Rf8 23. Rde1 Nf6 24. Bxf6 Bxf6 25. Nxf6 Rxf6 26. Nc3 Nd4 27. Rg8+ Rd8 28. Rg7 Rd7 29. Rg8+ Rd8 30. Rg7 Rd7 1/2-1/2

[Event "Munich OIS op 33rd"]
[Site "Munich"]
[Date "2013.10.03"]
[Round "6"]
[White "Boehm, Juergen"]
[Black "Pezerovic, Edin"]
[Result "0-1"]
[WhiteElo "2158"]
[BlackElo "2439"]
[PlyCount "84"]
[EventDate "2013.09.28"]
[EventType "swiss"]
[EventRounds "9"]
[EventCountry "GER"]
[SourceTitle "CBM 156 Extra"]
[Source "ChessBase"]
[SourceDate "2013.10.22"]
[SourceVersion "1"]
[SourceVersionDate "2013.10.22"]
[SourceQuality "1"]

1. d4 d5 2. c4 c6 3. Nf3 Nf6 4. Nc3 a6 5. c5 Bf5 6. Qb3 Qc8 7. h3 Nbd7 8. Bf4 e6 9. e3 Be7 10. Be2 Bd8 11. 0-0 Bc7 12. Rfe1 h6 13. Bf1 0-0 14. Rac1 Re8 15. Ne5 Nxe5 16. Bxe5 Bxe5 17. dxe5 Nd7 18. Na4 Qc7 19. f4 f6 20. Nb6 Rad8 21. Nxd7 Rxd7 22. exf6 gxf6 23. Bd3 Rg7 24. Kh2 Qf7 25. e4 Qg6 26. g4 dxe4 27. Be2 h5 28. Rg1 hxg4 29. Bxg4 Qh6 30. Bxf5 Qxf4+ 31. Kh1 Qxf5 32. Rxg7+ Kxg7 33. Rg1+ Kf8 34. Rg3 Qf1+ 35. Kh2 Qf2+ 36. Rg2 Qf4+ 37. Kg1 Rd8 38. Rf2 Qg5+ 39. Rg2 Qc1+ 40. Kh2 Qf4+ 41. Kh1 Rd3 42. Qxe6 Rd1+ 0-1

[Event "Munich OIS op 33rd"]
[Site "Munich"]
[Date "2013.10.01"]
[Round "4"]
[White "Boehm, Juergen"]
[Black "Reich, Thomas"]
[Result "1/2-1/2"]
[WhiteElo "2158"]
[BlackElo "2382"]
[PlyCount "106"]
[EventDate "2013.09.28"]
[EventType "swiss"]
[EventRounds "9"]
[EventCountry "GER"]
[SourceTitle "CBM 156 Extra"]
[Source "ChessBase"]
[SourceDate "2013.10.22"]
[SourceVersion "1"]
[SourceVersionDate "2013.10.22"]
[SourceQuality "1"]

1. d4 g6 2. e4 Bg7 3. Nc3 d6 4. f4 Nf6 5. Nf3 c5 6. Bb5+ Nc6 7. dxc5 Qa5 8. 0-0 0-0 9. cxd6 Qb6+ 10. Kh1 Nxe4 11. Nxe4 Qxb5 12. dxe7 Nxe7 13. Nd6 Qa6 14. Nxc8 Raxc8 15. Ne5 Rxc2 16. Be3 Rfc8 17. Bd4 Nf5 18. Bc3 Ne3 19. Qd7 Qe6 20. Qxe6 fxe6 21. Rfc1 Re2 22. Re1 Rxe1+ 23. Rxe1 Nd5 24. g3 Nxc3 25. Rc1 Bxe5 26. fxe5 Kf7 27. Kg2 Ke7 28. h4 Rc5 29. bxc3 Rxe5 30. Kf3 Ra5 31. Rc2 Ra4 32. c4 Ra3+ 33. Kf4 Kf6 34. c5 e5+ 35. Kg4 h5+ 36. Kh3 Kf5 37. Rb2 a5 38. Rxb7 Rxa2 39. Ra7 e4 40. c6 e3 41. Re7 Rc2 42. Rxe3 Rxc6 43. Ra3 Rc5 44. Rf3+ Ke5 45. Rf8 Kd4 46. Rg8 a4 47. Rxg6 Kc3 48. g4 a3 49. gxh5 a2 50. Ra6 Kb2 51. Kg4 Kb3 52. Rxa2 Kxa2 53. h6 Rc4+ 1/2-1/2

[Event "Oberliga Nord W 9697"]
[Site "Germany"]
[Date "1997.04.13"]
[Round "8.3"]
[White "Buchenau, Frank"]
[Black "Boehm, Juergen"]
[Result "1-0"]
[WhiteElo "2215"]
[BlackElo "2240"]
[PlyCount "83"]
[EventDate "1996.10.??"]
[EventType "team"]
[EventRounds "9"]
[EventCountry "GER"]
[SourceTitle "EXT 2003"]
[Source "ChessBase"]
[SourceDate "2002.11.25"]
[SourceVersion "1"]
[SourceVersionDate "2002.11.25"]
[SourceQuality "1"]
[WhiteTeam "Goettingen"]
[BlackTeam "Hannover SV"]
[WhiteTeamCountry "GER"]
[BlackTeamCountry "GER"]

1. e4 c6 2. d4 d5 3. exd5 cxd5 4. Bd3 Nc6 5. c3 g6 6. Bf4 Nf6 7. Nf3 Bf5 8. 0-0 Bxd3 9. Qxd3 Bg7 10. Nbd2 0-0 11. Rfe1 Nh5 12. Be3 Qc7 13. Nb3 Rac8 14. Qd2 Rfe8 15. Bh6 Nf6 16. Bxg7 Kxg7 17. Ne5 Ne4 18. Qe3 a5 19. Ng4 h5 20. Qh6+ Kg8 21. f3 Nf6 22. Ne5 a4 23. Nc5 Nxe5 24. Rxe5 e6 25. a3 Nd7 26. Nxd7 Qxd7 27. Rf1 Qe7 28. g4 Qf8 29. Qe3 Qd6 30. Re1 hxg4 31. fxg4 Kg7 32. g5 Rh8 33. Qf4 Qd8 34. h4 Rh5 35. Rf1 Qe7 36. Qg3 Rch8 37. Rf4 Qc7 38. Re3 Qc4 39. Ref3 Rf8 40. Rf6 Qb5 41. Qe5 Kg8 42. Rxg6+ 1-0

[Event "Oberliga Nord W 9697"]
[Site "Germany"]
[Date "1997.03.02"]
[Round "7.3"]
[White "Boehm, Juergen"]
[Black "Heinemann, Dieter"]
[Result "1/2-1/2"]
[WhiteElo "2240"]
[BlackElo "2240"]
[PlyCount "87"]
[EventDate "1996.10.??"]
[EventType "team"]
[EventRounds "9"]
[EventCountry "GER"]
[SourceTitle "EXT 2003"]
[Source "ChessBase"]
[SourceDate "2002.11.25"]
[SourceVersion "1"]
[SourceVersionDate "2002.11.25"]
[SourceQuality "1"]
[WhiteTeam "Hannover SV"]
[BlackTeam "Bremen Nord"]
[WhiteTeamCountry "GER"]
[BlackTeamCountry "GER"]

1. d4 Nf6 2. c4 c5 3. d5 e6 4. Nc3 exd5 5. cxd5 d6 6. e4 g6 7. f4 Bg7 8. e5 Nfd7 9. Nb5 dxe5 10. Nd6+ Ke7 11. Nxc8+ Qxc8 12. Nf3 Re8 13. Bc4 Kf8 14. 0-0 e4 15. Ng5 Nb6 16. Bb5 h6 17. f5 hxg5 18. fxg6 f6 19. Bxg5 N8d7 20. Qh5 Re5 21. Qh4 Rxg5 22. Qxg5 Kg8 23. Qh5 Nf8 24. d6 Qe6 25. a4 a6 26. Be2 f5 27. Rxf5 Nxg6 28. Bg4 Qxd6 29. a5 Nc4 30. Rd5 Qc6 31. Rg5 Bd4+ 32. Kh1 Kg7 33. Bf5 Nce5 34. Bxg6 Nxg6 35. Rf1 Rh8 36. Qg4 Qd6 37. h4 Be3 38. Rff5 Bxg5 39. Rxg5 Rf8 40. Kg1 Qd4+ 41. Kh2 Qd6+ 42. Kg1 Qd4+ 43. Kh2 Qd6+ 44. Kg1 1/2-1/2

[Event "Oberliga Nord W 9697"]
[Site "Germany"]
[Date "1997.02.02"]
[Round "5.4"]
[White "Schaefer, Anke"]
[Black "Boehm, Juergen"]
[Result "1/2-1/2"]
[WhiteElo "2155"]
[BlackElo "2240"]
[PlyCount "61"]
[EventDate "1996.10.??"]
[EventType "team"]
[EventRounds "9"]
[EventCountry "GER"]
[SourceTitle "EXT 2003"]
[Source "ChessBase"]
[SourceDate "2002.11.25"]
[SourceVersion "1"]
[SourceVersionDate "2002.11.25"]
[SourceQuality "1"]
[WhiteTeam "Stader SV"]
[BlackTeam "Hannover SV"]
[WhiteTeamCountry "GER"]
[BlackTeamCountry "GER"]

1. e4 c5 2. Nf3 Nc6 3. Nc3 Nf6 4. d4 cxd4 5. Nxd4 e5 6. Ndb5 d6 7. Bg5 a6 8. Na3 b5 9. Bxf6 gxf6 10. Nd5 Bg7 11. c3 f5 12. exf5 Bxf5 13. Nc2 0-0 14. Nce3 Be6 15. g3 b4 16. Bg2 bxc3 17. Nxc3 Rc8 18. 0-0 Nd4 19. Ned5 f5 20. f4 e4 21. Rf2 Rc5 22. Ne3 d5 23. Rd2 Nb5 24. Nexd5 Bd4+ 25. Rxd4 Nxd4 26. Qxd4 Rxd5 27. Nxd5 Qxd5 28. Qxd5 Bxd5 29. b3 Rc8 30. Rd1 Be6 31. Rd6 1/2-1/2

[Event "Wichern op 4th"]
[Site "Hamburg"]
[Date "1997.??.??"]
[Round "4"]
[White "Boehm, Juergen"]
[Black "Klyszcz, Michael"]
[Result "1-0"]
[WhiteElo "2215"]
[BlackElo "2005"]
[PlyCount "123"]
[EventDate "1997.10.??"]
[EventType "swiss"]
[EventRounds "9"]
[EventCountry "GER"]
[SourceTitle "EXT 2002"]
[Source "ChessBase"]
[SourceDate "2001.11.25"]
[SourceVersion "1"]
[SourceVersionDate "2001.11.25"]
[SourceQuality "1"]

1. d4 Nf6 2. c4 c5 3. d5 e5 4. Nc3 d6 5. e4 Be7 6. Be2 a6 7. Be3 Qa5 8. f3 Nbd7 9. a3 0-0 10. Rb1 Qd8 11. Nh3 Re8 12. 0-0 Nh5 13. Qd2 Nf8 14. g4 Bf6 15. Kg2 Qd7 16. Kh1 Qd8 17. b4 b6 18. Bd1 Bd7 19. bxc5 bxc5 20. Ba4 Nf4 21. Bxd7 Nxd7 22. Nxf4 exf4 23. Bxf4 Qa5 24. Nd1 Qxa3 25. Bxd6 Be5 26. Bxe5 Nxe5 27. Ne3 Rab8 28. d6 Rxb1 29. Rxb1 Nxf3 30. d7 Rd8 31. Rb8 Qa1+ 32. Nd1 Qf6 33. Qf4 Qe7 34. Qd6 Qh4 35. Rxd8+ Qxd8 36. Ne3 Nd4 37. Nd5 h6 38. Ne7+ Kh7 39. Nc6 Qg5 40. Nxd4 Qc1+ 41. Kg2 Qd2+ 42. Kf3 cxd4 43. d8Q Qe3+ 44. Kg2 Qe2+ 45. Kg3 Qe3+ 46. Kg2 Qe2+ 47. Kh3 Qf1+ 48. Kg3 g5 49. Qxd4 Qf4+ 50. Kg2 Qxg4+ 51. Kf1 Qf3+ 52. Ke1 Qh1+ 53. Kd2 Qxh2+ 54. Kc3 Qg3+ 55. Kb4 Qe1+ 56. Kc5 a5 57. Q8h8+ Kg6 58. Qdf6+ Kh5 59. Qfxh6+ Kg4 60. Qh5+ Kf4 61. Qf6+ Ke3 62. Qhf3+ 1-0

[Event "Oberliga Nord W 9697"]
[Site "Germany"]
[Date "1996.12.08"]
[Round "3.4"]
[White "Franke, Reiner"]
[Black "Boehm, Juergen"]
[Result "0-1"]
[WhiteElo "2270"]
[BlackElo "2240"]
[PlyCount "66"]
[EventDate "1996.10.??"]
[EventType "team"]
[EventRounds "9"]
[EventCountry "GER"]
[SourceTitle "EXT 2003"]
[Source "ChessBase"]
[SourceDate "2002.11.25"]
[SourceVersion "1"]
[SourceVersionDate "2002.11.25"]
[SourceQuality "1"]
[WhiteTeam "Werder Bremen II"]
[BlackTeam "Hannover SV"]
[WhiteTeamCountry "GER"]
[BlackTeamCountry "GER"]

1. Nf3 g6 2. c4 Bg7 3. d4 d6 4. Nc3 Nf6 5. b4 0-0 6. Bb2 Bg4 7. e3 Nbd7 8. Be2 e5 9. 0-0 exd4 10. Nxd4 Bxe2 11. Qxe2 Re8 12. Rad1 a5 13. b5 Nc5 14. Rfe1 Nfe4 15. Nd5 Rc8 16. f3 Nf6 17. Nc3 Nfd7 18. e4 Qh4 19. g3 Qh5 20. Nd5 Ne6 21. Kg2 Nxd4 22. Bxd4 Bxd4 23. Rxd4 Qe5 24. Qd2 b6 25. Rf1 Qg7 26. Rd1 Nc5 27. g4 h6 28. h4 f6 29. Kf2 Re5 30. Re1 Rce8 31. Qb2 f5 32. g5 Rxd5 33. exd5 Nd3+ 0-1